| 000 | 00698nam a2200193 i 4500 | ||
|---|---|---|---|
| 001 | 101662 | ||
| 003 | ES-MaACL | ||
| 005 | 20250806033816.0 | ||
| 007 | t| | ||
| 008 | 051021s1958 sp |||| | spa d | ||
| 100 | 1 |
_aMelchor de las Heras, Antonio. _979895 |
|
| 245 | 1 | 3 |
_aLa influencia de los valores morales sobre el ordenamiento jurídico, base de un mundo mejor _b: [conferencia pronunciada en el Ateneo Mercantil de Valencia... 12 de abril de 1956]. |
| 260 |
_aValencia : _bAteneo Mercantil, _c1958. |
||
| 300 |
_a58 p. ; _c18 cm. |
||
| 650 | 7 |
_aÉtica jurídica _2embne _9154217 |
|
| 710 | 2 |
_aAteneo Mercantil (Valencia) _92050 |
|
| 852 |
_aES-MaACL _j1998-F-2 |
||
| 999 |
_c101662 _d101662 |
||